Common sense about the Arab world /

محفوظ في:

المؤلف الرئيسي: Childers, Erskine B. (مؤلف)

التنسيق: كتاب

اللغة: English

منشور في: London : Victor Gollancz, 1960.

سلاسل: The Common sense series ; 5.

الموضوعات:

الوسوم: إضافة وسم

لا توجد وسوم, كن أول من يضع وسما على هذه التسجيلة!

رقم الطلب: DS63 .C47 1960

LEADER 00645nam a2200241I 4500
001 6567
003 OSt
005 20260127140056.0
008 130303s1960 enk 000 0 eng d
010 |a 60015044 
040 |c ARCE Library 
043 |a aw----- 
050 4 |a DS63 .C47 1960 
100 1 |a Childers, Erskine B.,   |e author 
245 1 0 |a Common sense about the Arab world /  |c Erskine Childers. 
264 1 |a London :   |b Victor Gollancz,   |c 1960. 
300 |a 192 pages ;  |c 20 cm. 
490 0 |a The Common sense series ;   |v 5. 
650 0 |a Arabs. 
650 0 |a Nationalism  |z Middle East. 
901 |a reviewed 
942 |c BK  |2 lcc 
999 |c 7964  |d 7964